000 00698cam a2200217 4500
001 J110072
008 000000n2000 000 0 eng u
035 _a(Sirsi) u110072
050 _a615.925756
110 _aUnited Kingdom
_bDepartment of the Environment, Transport and the Regions
_93507
245 _aRadon good practice guide toolkit.
260 _aLondon
_bDETR
_c2000
300 _a1 volume ; 30cm.
520 _aA collection of booklets and leaflets available from the DETR aimed at practioners and the general public.
650 _aRADON
650 _aRADIATION
650 _aRADIOACTIVE MATERIALS
650 _aEnvironment
_96238
690 _aBUILT ENVIRONMENT
942 _n0
999 _c101043
_d101043